000 01243nam a2200313 a 4500
001 ebr10333591
003 CaPaEBR
006 m u
007 cr cn|||||||||
008 091208s2008 sz a sb 000 0 eng d
020 _z9789290613879
020 _z9789290614395
040 _aCaPaEBR
_cCaPaEBR
035 _a(OCoLC)748590885
043 _ap------
050 1 4 _aRC320.A1
_bW67 2008eb
110 2 _aWorld Health Organization.
245 1 2 _aA revised framework to address TB-HIV co-infection in the Western Pacific Region
_h[electronic resource].
260 _aGeneva, Switzerland :
_bWorld Health Organization,
_cc2008.
300 _aviii, 77 p. :
_bill.
504 _aIncludes bibliographical references (p. 71-77).
533 _aElectronic reproduction.
_bPalo Alto, Calif. :
_cebrary,
_d2010.
_nAvailable via World Wide Web.
_nAccess may be limited to ebrary affiliated libraries.
650 0 _aTuberculosis
_zPacific Area.
650 0 _aAIDS (Disease)
_zPacific Area.
650 0 _aHIV infections
_zPacific Area.
655 7 _aElectronic books.
_2local
710 2 _aebrary, Inc.
856 4 0 _uhttp://site.ebrary.com/lib/rucke/Doc?id=10333591
_zAn electronic book accessible through the World Wide Web; click to view
999 _c50168
_d50168